00907nam a22002177a 450000500170000001000150001702000260003203500140005803700090007208200100008110000260009124500900011725000060020726000540021327001250026730000200039250000800041294200240049299900190051695201540053520241129150434.0 aENG-142731 a9789393766182c220.00 aEN-126263 bDBAD a006.3 aLohia, Rajesh 974415 aMastering The Artificial Intelligence (AI) Skills For Professionals/bBy Rajesh Lohia a1 aMadhya Pradesh bXcess Infostore Pvt. Ltd.c2023 a213, Silver Mall , Block B,8/A,R.N.T. Marg, IndorebMadhya Pradeshe452001k9826012052k94794724245minfo@xcessbooks.com a146p.c21cm(pb) a• Company Secretaries • Chartered Accountants, and • Cost Accountants 2ddccENh006.3mLOH c207251d207251 001040708NFICaMPbMPd2024-11-29eDelivery of Books Act Divisiong220.00l0o006.3 LOHpEN-126263r2024-11-29 00:00:00t1v220.00w2024-11-29yEN